History Quiz

Random History or State Quiz

Who won in the senate Quiz Stats

 Plays Quiz not verified by Sporcle

Challenge
Share
Tweet
Embed
Score 0/33 Timer 05:00
0 Plays Today
state senator % Correct
MassachusettsElizabeth Warren
100%
MissouriClaire McCaskill
100%
IndianaJoe Donnelly
92.9%
MaineAngus King
92.9%
New JerseyBob Menendez
92.9%
ArizonaJeff Flake
85.7%
CaliforniaDiane Feinstein
85.7%
FloridaBill Nelson
85.7%
MichiganDebbie Stabenow
85.7%
MinnesotaAmy Klobuchar
85.7%
MontanaJon Tester
85.7%
New YorkKirsten Gillibrand
85.7%
OhioSherrod Brown
85.7%
PennsylvaniaBob Casey
85.7%
TennesseeBob Corker
85.7%
VirginiaTim Kaine
85.7%
WisconsinTammy Baldwin
85.7%
state senator % Correct
ConnecticutChris Murphy
78.6%
MississippiRoger Wicker
78.6%
Rhode IslandSheldon Whitehouse
78.6%
TexasTed Cruz
78.6%
UtahOrrin Hatch
78.6%
VermontBernie Sanders
78.6%
West VirginiaJoe Manchin
78.6%
WyomingJohn Barrasso
78.6%
MarylandBen Cardin
71.4%
NevadaDean Heller
71.4%
WashingtonMaria Cantwell
71.4%
New MexicoMartin Heinrich
64.3%
North DakotaHeidi Heitkamp
64.3%
DelawareTom Carper
57.1%
NebraskaDeb Fischer
57.1%
HawaiiMazie Hirono
50%

You're not logged in!

Compare scores with friends on all Sporcle quizzes.
Join for Free
OR
Log In

You Might Also Like...

Show Comments

Extras

Created Nov 7, 2012ReportNominate
Tags:State Quiz, 2012, party, senate, senator, won

Top Quizzes Today


Score Distribution

Your Account Isn't Verified!

In order to create a playlist on Sporcle, you need to verify the email address you used during registration. Go to your Sporcle Settings to finish the process.

Report this User

Report this user for behavior that violates our Community Guidelines.

Details: